000 00654nam a2200241Ia 4500
001 945
003 GE_BSU
008 181216s||||||||xx |||||||||||||| ||und||
040 _cGE_BSU
080 _a537(075.8)
100 _aКринчик,Г.С.
245 _aФизика магнитных явлении
245 _bУч. пос. для студ.физич. спец.
250 _a2-е изд.,доп.
260 _aМосква
260 _bМосковский ун-т
260 _c1985
300 _a336стр.
541 _h12л.
653 _aФизика
653 _aФизика магнитных явлении
942 _cBK
999 _c35104
_d35104